プロ野球スピリッツA【プロスピA】の外国人選手 (東北楽天ゴールデンイーグルス) - Statistics

General Stats
  • This quiz has been taken 117 times
    5 since last reset
  • The average score is 16 of 33
Answer Stats
選手名 % Correct
野手(OB) A.ジョーンズ
100%
野手(OB) C.マギー
100%
投手(OB) K.ミコライオ
100%
野手 M.フランコ
100%
野手(OB) リック
75%
野手 C.ギッテンス
75%
投手(OB) J.ハウザー
75%
野手 J.アマダー
75%
野手(TS) Z.ウィーラー
75%
投手 宋家豪
50%
野手(OB) C.ペゲーロ
50%
投手(OB) D.ラズナー
50%
野手(OB) F.セギノール
50%
投手 F.ハーマン
50%
野手 J.マルモレホス
50%
野手(OB) J.ブラッシュ
50%
野手(OB) J.フェルナンデス
50%
野手 L.ボイト
50%
野手 O.ゴンザレス
50%
野手 S.ロメロ
50%
野手 W.ペーニャ
50%
投手 A.ブセニッツ
25%
野手 B.ディクソン
25%
投手 K.レイ
25%
投手 M.ヤフーレ
25%
野手 O.ディクソン
25%
投手 R.クルーズ
25%
投手 S.ハワード
25%
投手 C.ポンセ
0%
野手 G.サンチェス
0%
投手 J.T.シャギワ
0%
投手 M.バニュエロス
0%
投手 R.リズ
0%
No matching quizzes found
Score Distribution
Percent of People with Each Score
Percentile by Number Answered
Your Score History
You have not taken this quiz since the last reset